LEADER 01094nam a22002771i 4500 001 991001641639707536 005 20031128193342.0 008 040407s1988 it |||||||||||||||||ita 020 $a8837213530 035 $ab12801471-39ule_inst 035 $aARCHE-078110$9ExL 040 $aDip.to Scienze Storiche$bita$cA.t.i. Arché s.c.r.l. Pandora Sicilia s.r.l. 082 04$a327.4563 100 1 $aGarzia, Italo$0246103 245 10$aPio 12. e l'Italia nella seconda guerra mondiale /$cItalo Garzia ; presentazione di Pietro Pastorelli 260 $aBrescia :$bMorcelliana,$c1988 300 $a352 p. ;$c23 cm 440 0$aBiblioteca di storia contemporanea 610 24$aSanta Sede$xRelazioni con l'Italia$y1939-1945 700 1 $aPastorelli, Pietro 907 $a.b12801471$b02-04-14$c16-04-04 912 $a991001641639707536 945 $aLE009 STOR.65-423$g1$i2009000221406$lle009$o-$pE0.00$q-$rl$s- $t0$u1$v0$w1$x0$y.i13348632$z16-04-04 996 $aPio 12. e l'Italia nella seconda guerra mondiale$9293998 997 $aUNISALENTO 998 $ale009$b16-04-04$cm$da $e-$fita$git $h0$i1 LEADER 00915nam a22002531i 4500 001 991000818769707536 005 20040203130626.0 008 040220s1972 it |||||||||||||||||ita 035 $ab12675064-39ule_inst 035 $aARCHE-067340$9ExL 040 $aDip.to Scienze pedagogiche$bita$cA.t.i. Arché s.c.r.l. Pandora Sicilia s.r.l. 082 04$a320.1 100 1 $aSalvucci, Pasquale$0152729 245 10$aAdam Ferguson :$bsociologia e filosofia politica /$cPasquale Salvucci 260 $aUrbino :$bArgalia,$c1972 300 $a613 p. ;$c24 cm 440 0$aStudi filosofici 650 4$aFerguson, Adam 907 $a.b12675064$b02-04-14$c17-03-04 912 $a991000818769707536 945 $aLE022 MP 76 B 20$g1$i2022000088473$lle022$o-$pE0.00$q-$rl$s- $t0$u0$v0$w0$x0$y.i13184556$z17-03-04 996 $aAdam Ferguson$9273475 997 $aUNISALENTO 998 $ale022$b17-03-04$cm$da $e-$fita$git $h0$i1